These American lands: parks, wilderness, and the public lands (Record no. 59828)

MARC details
000 -LEADER
fixed length control field 00910nam a2200217 a 4500
008 - FIXED-LENGTH DATA ELEMENTS--GENERAL INFORMATION
fixed length control field 120416s1986 ||||||||||||||||| || u
020 ## - INTERNATIONAL STANDARD BOOK NUMBER
International Standard Book Number 0805000844
050 ## - LIBRARY OF CONGRESS CALL NUMBER
Classification number E 160 Zas
100 ## - MAIN ENTRY--PERSONAL NAME
Personal name Zaslowsky, Dyan
245 10 - TITLE STATEMENT
Title These American lands: parks, wilderness, and the public lands
250 ## - EDITION STATEMENT
Edition statement 1st ed
260 ## - PUBLICATION, DISTRIBUTION, ETC.
Place of publication, distribution, etc. New York:
Name of publisher, distributor, etc. Henry Holt & Co
Date of publication, distribution, etc. 1986
300 ## - PHYSICAL DESCRIPTION
Extent ix, 404p. : ill.
350 ## - PRICE (NR) (BK AM CF MU VM SE) [OBSOLETE]
Price 0.00
500 ## - GENERAL NOTE
General note "Portions of this book first appeared in Wilderness magazine"--T.p. verso. -Includes index. -Bibliography: p. 383-388.
650 ## - SUBJECT ADDED ENTRY--TOPICAL TERM
Topical term or geographic name entry element PUBLIC LANDS--UNITED STATES--HISTORY
650 ## - SUBJECT ADDED ENTRY--TOPICAL TERM
Topical term or geographic name entry element WILDERNESS AREAS--UNITED STATES--HISTORY
650 ## - SUBJECT ADDED ENTRY--TOPICAL TERM
Topical term or geographic name entry element NATIONAL PARKS AND RESERVES--UNITED STATES--HISTORY
710 ## - ADDED ENTRY--CORPORATE NAME
Corporate name or jurisdiction name as entry element Wilderness Society (U.S.)
995 ## - RECOMMENDATION 995 [LOCAL, UNIMARC FRANCE]
-- 0.00
-- CBU-MAIN LIBRARY (Kitwe)
-- 1
-- 22.95
-- AVAILABLE
-- Main Library Open Access Collection
Holdings
Withdrawn status Lost status Source of classification or shelving scheme Damaged status Not for loan Home library Current library Shelving location Date acquired Total Checkouts Full call number Barcode Date last seen Price effective from Koha item type
          CBU-MAIN LIBRARY, KITWE. CBU-MAIN LIBRARY, KITWE.   11/30/2022   E 160 Zas 001709 11/30/2022 11/30/2022 MONOGRAPH